| 000 | 00864cam a22002897a 4500 | ||
|---|---|---|---|
| 003 | CHAP | ||
| 005 | 20220329133517.0 | ||
| 008 | 971013s1990 r 00010 d | ||
| 010 | _a7217 | ||
| 011 | _a8189 | ||
| 035 | _a7414 | ||
| 040 | _cCHAP | ||
| 082 |
_a634.37 _bF5 |
||
| 100 | 0 | 0 |
_aFlores Domínguez, Antonio. _941503 |
| 245 | 1 | 3 |
_aLa higuera _b: frutal mediterráneo para climas cálidos |
| 260 |
_aMadrid : _bMundi-Prensa, _c1990 |
||
| 300 |
_a190 p. _b: ilus. |
||
| 500 | _a64-184 | ||
| 590 |
_aBATCH-UPD _b10 _c20130110 _lUCH01 _h1051 |
||
| 590 |
_aBATCH-UPD _b10 _c20130410 _lUCH01 _h0648 |
||
| 590 |
_aBATCH-UPD _b10 _c20130914 _lUCH01 _h1616 |
||
| 590 |
_aCONVERSION _b10 _c20130109 _lUCH01 _h1305 |
||
| 650 | 1 | 4 |
_aHigo. _955341 |
| 901 | _aBK | ||
| 942 | _cLIBRO | ||
| 949 |
_a634.37 F5 _bBC _cLIBRO _d33724000205043 _eLIBRO _gI.168150 _h83904 _i7414 _so _t140.00 |
||
| 999 |
_c7217 _d7217 |
||